[Event "Vlissingen HZ op 24th"]
[Site "Vlissingen"]
[Date "2022.08.08"]
[Round "4"]
[White "Bleeker, Kasper"]
[Black "Brokaar, Joey"]
[Result "0-1"]
[WhiteElo "1823"]
[BlackElo "2068"]
[PlyCount "48"]
[EventDate "2022.08.06"]
[EventType "swiss"]
[EventRounds "9"]
[EventCountry "NED"]
[SourceTitle "CBM 209 Extra"]
[Source "ChessBase"]
[SourceDate "2022.09.30"]
[SourceVersion "1"]
[SourceVersionDate "2022.09.30"]
[SourceQuality "1"]

1. e4 c5 2. Nf3 d6 3. d4 cxd4 4. Nxd4 Nf6 5. Nc3 a6 6. Bg5 Nbd7 7. f4 Qc7 8. Qf3 h6 9. Bxf6 Nxf6 10. 0-0-0 Bg4 11. Qd3 Bxd1 12. Qxd1 e6 13. Be2 d5 14. e5 Ne4 15. Nxe4 dxe4 16. Nxe6 fxe6 17. Bh5+ Ke7 18. Qg4 Rd8 19. f5 Qxe5 20. Rf1 Kd6 21. Rf4 exf5 22. Rxf5 Qd4 23. Qf4+ Kc6 24. c3 Bd6 0-1

[Event "Vlissingen HZ op 21st"]
[Site "Vlissingen"]
[Date "2017.08.09"]
[Round "6"]
[White "Brokaar, Joey"]
[Black "Keetman, Maaike"]
[Result "0-1"]
[WhiteElo "2014"]
[BlackElo "2243"]
[PlyCount "36"]
[EventDate "2017.08.05"]
[EventType "swiss"]
[EventRounds "9"]
[EventCountry "NED"]
[SourceTitle "CBM 179 Extra"]
[Source "ChessBase"]
[SourceDate "2017.08.23"]
[SourceVersion "1"]
[SourceVersionDate "2017.08.23"]
[SourceQuality "1"]

1. e4 c5 2. Nf3 e6 3. b3 a6 4. Bb2 Nc6 5. Nc3 d6 6. g3 e5 7. Bg2 g6 8. 0-0 Bg7 9. Nd5 Nge7 10. c3 f5 11. Nxe7 Qxe7 12. exf5 gxf5 13. d4 cxd4 14. cxd4 e4 15. Nh4 0-0 16. f3 d5 17. fxe4 dxe4 18. Qe2 Nxd4 0-1

[Event "Spijkenisse op-A 3rd"]
[Site "Spijkenisse"]
[Date "2013.10.27"]
[Round "5"]
[White "Brokaar, Joey"]
[Black "Kohlweyer, Bernd"]
[Result "0-1"]
[WhiteElo "1765"]
[BlackElo "2482"]
[PlyCount "32"]
[EventDate "2013.10.25"]
[EventType "swiss"]
[EventRounds "6"]
[EventCountry "NED"]
[SourceTitle "EXT 2014"]
[Source "ChessBase"]
[SourceDate "2013.11.20"]
[SourceVersion "1"]
[SourceVersionDate "2013.11.20"]
[SourceQuality "1"]

1. e4 c5 2. Nf3 e6 3. d4 cxd4 4. Nxd4 a6 5. Nc3 Qc7 6. Be2 Nf6 7. f4 Bb4 8. 0-0 Bxc3 9. bxc3 Nxe4 10. Bd3 Nf6 11. c4 d6 12. g4 Nc6 13. Nxc6 Qxc6 14. Qe2 Nd7 15. Be4 Qc7 16. Bb2 Qb6+ 0-1

[Event "Spijkenisse op-A 3rd"]
[Site "Spijkenisse"]
[Date "2013.10.26"]
[Round "4"]
[White "Van Buuren, Fabian"]
[Black "Brokaar, Joey"]
[Result "0-1"]
[WhiteElo "2008"]
[BlackElo "1765"]
[PlyCount "60"]
[EventDate "2013.10.25"]
[EventType "swiss"]
[EventRounds "6"]
[EventCountry "NED"]
[SourceTitle "EXT 2014"]
[Source "ChessBase"]
[SourceDate "2013.11.20"]
[SourceVersion "1"]
[SourceVersionDate "2013.11.20"]
[SourceQuality "1"]

1. Nf3 Nf6 2. d4 e6 3. c4 b6 4. g3 Bb7 5. Bg2 Be7 6. 0-0 0-0 7. Nc3 d5 8. cxd5 Nxd5 9. Re1 Nd7 10. e4 Nxc3 11. bxc3 c5 12. Rb1 cxd4 13. cxd4 Nf6 14. Ne5 Rc8 15. Ng4 Qd7 16. d5 exd5 17. Bh3 Kh8 18. e5 Ne4 19. Rxe4 Qf5 20. Nf6 Qg6 21. Ba3 dxe4 22. Bxe7 gxf6 23. Bxf8 Rxf8 24. Qd6 Kg8 25. exf6 e3 26. Rd1 Re8 27. Qd8 exf2+ 28. Kxf2 Bc6 29. Qd6 Qh5 30. Qd3 Qxh3 0-1

[Event "ZI-2010-0-00835"]
[Site "LSS email"]
[Date "2010.12.08"]
[Round "?"]
[White "Brokaar, Joey"]
[Black "Parmet, Daniel Edward"]
[Result "0-1"]
[WhiteElo "1712"]
[BlackElo "1560"]
[PlyCount "24"]
[EventDate "2010.11.30"]
[EventType "match (corr)"]
[EventRounds "2"]
[EventCountry "GER"]
[SourceTitle "Corr 2013"]
[Source "ChessBase"]
[SourceDate "2012.11.12"]
[SourceVersion "1"]
[SourceVersionDate "2012.11.12"]
[SourceQuality "1"]

1. e4 c5 2. Nc3 Nc6 3. f4 g6 4. Nf3 Bg7 5. d3 d6 6. Be3 Nf6 7. h3 0-0 8. Be2 Nh5 9. g4 Ng3 10. Rg1 Nxe2 11. Qxe2 b5 12. Rb1 b4 0-1

[Event "OP-2010-0-01332"]
[Site "LSS email"]
[Date "2010.12.06"]
[Round "?"]
[White "Brokaar, Joey"]
[Black "Shim Ng Min, Francis"]
[Result "0-1"]
[WhiteElo "1712"]
[BlackElo "1182"]
[PlyCount "54"]
[EventDate "2010.11.30"]
[EventType "tourn (corr)"]
[EventRounds "4"]
[EventCountry "GER"]
[SourceTitle "Telechess CBM 145"]
[Source "Chessbase"]
[SourceDate "2011.11.11"]
[SourceVersion "1"]
[SourceVersionDate "2011.11.11"]
[SourceQuality "1"]

1. e4 c5 2. Nc3 Nc6 3. f4 g6 4. Nf3 Bg7 5. d3 e6 6. Be3 b6 7. Be2 Nge7 8. 0-0 Bb7 9. d4 cxd4 10. Nxd4 0-0 11. Qd2 Nxd4 12. Bxd4 Bxd4+ 13. Qxd4 d5 14. e5 Qc7 15. Rac1 Nf5 16. Qb4 Qc5+ 17. Qxc5 bxc5 18. Nb5 Ba6 19. Nc3 c4 20. g4 Nd4 21. Rf2 Rab8 22. b3 Rfc8 23. bxc4 Nxe2+ 24. Nxe2 Rxc4 25. Ng3 Rb2 26. h3 Rc3 27. Kg2 Rxa2 0-1

[Event "OP-2010-0-01332"]
[Site "LSS email"]
[Date "2010.12.05"]
[Round "?"]
[White "Brokaar, Joey"]
[Black "Lombardi, Donato"]
[Result "0-1"]
[WhiteElo "1712"]
[BlackElo "796"]
[PlyCount "74"]
[EventDate "2010.11.30"]
[EventType "tourn (corr)"]
[EventRounds "4"]
[EventCountry "GER"]
[SourceTitle "Telechess CBM 145"]
[Source "Chessbase"]
[SourceDate "2011.11.11"]
[SourceVersion "1"]
[SourceVersionDate "2011.11.11"]
[SourceQuality "1"]

1. e4 e6 2. d4 d5 3. exd5 exd5 4. Bd3 Bd6 5. Ne2 Nf6 6. 0-0 0-0 7. Bf4 Re8 8. Bxd6 Qxd6 9. Nd2 Bg4 10. c3 c5 11. f3 Bh5 12. Ng3 Nbd7 13. Nxh5 Nxh5 14. Qc2 g6 15. Bb5 cxd4 16. cxd4 Nf4 17. Rfe1 a6 18. Bxd7 Qxd7 19. Nb3 Qa4 20. Qd2 Ne6 21. g3 Rac8 22. Nc5 Qxd4+ 23. Qxd4 Nxd4 24. Rxe8+ Rxe8 25. f4 Re7 26. Rd1 Nf5 27. Rxd5 Re2 28. Nxb7 Rxb2 29. Nc5 Rxa2 30. Rd8+ Kg7 31. Ra8 a5 32. Ra7 Ne3 33. Ra6 Nd5 34. Ra7 Nc3 35. Nd7 f6 36. Nc5+ Kh6 37. Ne6 Kh5 0-1